000 00696nam a2200289Ia 4500
005 20260324113118.0
008 008 260324s9999 xx 000 0 eng d
020 _a9781003439042
037 _aEBOOK
040 _aCRL
040 _beng
040 _cCRL
041 _2eng
041 _aeng
084 _qCRL
100 _aSandra Scham
_91145465
245 3 _aAn Archaeology of Persecuted Peoples
245 0 _bReligion and Hate in the Mountains of Asia
260 _bTaylor and Francis
260 _c2024
365 _a
365 _b220
856 _uhttp://www.taylorfrancis.com/books/9781003439042
942 _cEBOOK
999 _c1734947
_d1734947